书目信息 |
| 题名: |
离心捕集原理与设备
|
|
| 作者: | 薛勇 著 | |
| 分册: | ||
| 出版信息: | 北京 科学出版社 2011.05 |
|
| 页数: | 245页 | |
| 开本: | 24cm | |
| 丛书名: | ||
| 单 册: | ||
| 中图分类: | TQ051.8 | |
| 科图分类: | ||
| 主题词: | 离心机 | |
| 电子资源: | ||
| ISBN: | 978-7-03-031138-2 | |
| 000 | 00893nam0 2200253 450 | |
| 001 | 010020000555 | |
| 005 | 20130701094158.93 | |
| 010 | @a978-7-03-031138-2@dCNY50.00 | |
| 100 | @a20110627d2011 em y0chiy50 ea | |
| 101 | 0 | @achi |
| 102 | @aCN@b110000 | |
| 105 | @aak z 000yy | |
| 106 | @ar | |
| 200 | 1 | @a离心捕集原理与设备@9li xin bu ji yuan li yu she bei@f薛勇著 |
| 210 | @a北京@c科学出版社@d2011.05 | |
| 215 | @a245页@c图@d24cm | |
| 312 | @a封面英文题名:Principle and equipment of centrifugal collection | |
| 330 | @a本书介绍了离心捕集设备的主要类型与工作原理,旋风分离器的工作原理,旋风分离器的主要形式,旋风分离器的组合使用。包括多级组合旋风收尘器等。 | |
| 510 | 1 | @aPrinciple and equipment of centrifugal collection@zeng |
| 606 | 0 | @a离心机 |
| 690 | @aTQ051.8@v4 | |
| 701 | 0 | @a薛勇@9xue yong@4著 |
| 801 | 0 | @aCN@bRENTIAN@c20110627 |
| 905 | @b544720-23@dTQ051.8@e221@f4 | |
| 离心捕集原理与设备/薛勇著.-北京:科学出版社,2011.05 |
| 245页:图;24cm |
| ISBN 978-7-03-031138-2:CNY50.00 |
| 本书介绍了离心捕集设备的主要类型与工作原理,旋风分离器的工作原理,旋风分离器的主要形式,旋风分离器的组合使用。包括多级组合旋风收尘器等。 |
| ● |
| 相关链接 |
|
|
|
|
正题名:离心捕集原理与设备
索取号:TQ051.8/221
 
预约/预借
| 序号 | 登录号 | 条形码 | 馆藏地/架位号 | 状态 | 备注 |
| 1 | 544720 | 205447202 | 第二样本阅览室/ [索取号:TQ051.8/221] | 在馆 | |
| 2 | 544721 | 205447211 | 第三借阅区/ [索取号:TQ051.8/221] | 在馆 | |
| 3 | 544722 | 205447220 | 第三借阅区/ [索取号:TQ051.8/221] | 在馆 | |
| 4 | 544723 | 205447239 | 第三借阅区/ [索取号:TQ051.8/221] | 在馆 |